| 000 | 01062nam0a2200313 4500 | ||
|---|---|---|---|
| 001 | RU\NLR\bibl\32514 | ||
| 005 | 20250615023005.0 | ||
| 010 |
_a5-8190-0001-3 _93000 |
||
| 021 |
_aRU _b98-36438 _91737 |
||
| 035 | _a(NLR Aleph) 000031684 | ||
| 090 |
_a159117 _c159117 |
||
| 100 | _a19990609d1998 |||y0rusy50 ca | ||
| 101 | 1 |
_arus _bger _cgrc |
|
| 102 | _aRU | ||
| 105 | _ay ||||||||| | ||
| 200 | 1 |
_aСвященное Писание в свете духовной науки _fАвт. ввод. ст., пер. и сост. коммент. Г.А. Бондарев |
|
| 210 |
_aМ. _cИнформпресс+ _d1998 |
||
| 215 |
_a687 с. _d22 |
||
| 320 | _aБиблиогр.: с. 683-687 | ||
| 500 | 1 | 0 |
_aБиблия _iН.З. _2psbo |
| 605 |
_aБиблия _iНовый Завет _xИсследование текста _91153960 _3RU\NLR\auth\66142780 |
||
| 686 | _aЭ37-220.2 | ||
| 801 | 0 |
_aRU _bNLR _c19990609 _gPSBO |
|
| 801 | 1 |
_aRU _bNLR _c19990609 |
|
| 852 |
_aNLR _j99-5/1178 |
||
| 942 | _cBOOK | ||
| 980 | _aNB | ||